Authentication based on digital signature algorithm on elliptic curve; Современные техника и технологии; Т. 2

Podrobná bibliografie
Parent link:Современные техника и технологии: сборник трудов XIX международной научно-практической конференции студентов, аспирантов и молодых ученых, Томск, 15-19 апреля 2013 г./ Национальный исследовательский Томский политехнический университет (ТПУ).— , 2013
Т. 2.— 2013.— [С. 455-456]
Hlavní autor: Stankevich Ph. V. Philippe Vladimirovich
Korporativní autor: Национальный исследовательский Томский политехнический университет (ТПУ) Институт кибернетики (ИК) Кафедра вычислительной техники (ВТ)
Další autoři: Miroshnichenko E. A. Evgeny Alexandrovich (научный консультант)
Shrnutí:Заглавие с титульного экрана
Jazyk:angličtina
Vydáno: 2013
Edice:Informatics and control in engineering systems
Témata:
On-line přístup:http://www.lib.tpu.ru/fulltext/c/2013/C01/V2/223.pdf
Médium: MixedMaterials Elektronický zdroj Kapitola
KOHA link:https://koha.lib.tpu.ru/cgi-bin/koha/opac-detail.pl?biblionumber=243859

MARC

LEADER 00000naa2a2200000 4500
001 243859
005 20251229162936.0
035 |a (RuTPU)RU\TPU\book\265213 
035 |a RU\TPU\book\265210 
090 |a 243859 
100 |a 20131008d2013 k y0rusy50 ba 
101 0 |a eng 
102 |a RU 
135 |a drnn ---uucaa 
200 1 |a Authentication based on digital signature algorithm on elliptic curve  |f F. V. Stankevich  |g sci. adv. E. A. Miroshnichenko 
203 |a Text  |c electronic 
225 1 |a Informatics and control in engineering systems 
300 |a Заглавие с титульного экрана 
320 |a [Библиогр.: с. 456 (4 назв.)] 
337 |a Adobe Reader 
461 1 |0 (RuTPU)RU\TPU\book\263794  |t Современные техника и технологии  |o сборник трудов XIX международной научно-практической конференции студентов, аспирантов и молодых ученых, Томск, 15-19 апреля 2013 г.  |o в 3 т.  |f Национальный исследовательский Томский политехнический университет (ТПУ)   |d 2013 
463 1 |0 (RuTPU)RU\TPU\book\263797  |t Т. 2  |v [С. 455-456]  |d 2013 
610 1 |a труды учёных ТПУ 
610 1 |a электронный ресурс 
700 1 |a Stankevich  |b Ph. V.  |c specialist in the field of informatics and computer technology  |c laboratory assistant of Tomsk Polytechnic University  |f 1990-  |g Philippe Vladimirovich  |3 (RuTPU)RU\TPU\pers\34766 
702 1 |a Miroshnichenko  |b E. A.  |c Specialist in the field of informatics and computer technology  |c Associate Professor of Tomsk Polytechnic University, Candidate of technical sciences  |f 1972-  |g Evgeny Alexandrovich  |3 (RuTPU)RU\TPU\pers\31386  |4 695  |9 15558 
712 0 2 |a Национальный исследовательский Томский политехнический университет (ТПУ)  |b Институт кибернетики (ИК)  |b Кафедра вычислительной техники (ВТ)  |3 (RuTPU)RU\TPU\col\18699 
801 2 |a RU  |b 63413507  |c 20220316  |g RCR 
856 4 |u http://www.lib.tpu.ru/fulltext/c/2013/C01/V2/223.pdf 
942 |c CF